| 000 | 01261naa a22003617a 4500 | ||
|---|---|---|---|
| 001 | BR7907108 | ||
| 003 | BR-BrBNA | ||
| 005 | 20240918174456.0 | ||
| 007 | ta | ||
| 008 | 230509b bl.||||| |||| 00| 0 por d | ||
| 040 |
_aBR-BrBNA _bpor _cBiblioteca Nacional de Agricultura |
||
| 041 | _a(Pt) | ||
| 072 |
_aF25 _b0150 _b3866 _b3820 _bG514 |
||
| 090 | _aF25 BR7907108 | ||
| 100 | 1 | _aVahl, L.C. | |
| 100 | 1 | _aBotelho, R.C. | |
| 100 | 1 | _aPauletto, R.C. | |
| 100 | 1 | _aGomes, A. da S. | |
| 111 | 1 |
_a9. Reuniao da Cultura do Arroz Irrigado _cPelotas, RS (Brazil) _d10 Sep 1979 |
|
| 245 | 1 | _aEfeitos do molibdenio sobre a resposta do arroz irrigado ao nitrogenio [Oryza sativa; Rio Grande do Sul; Brasil] | |
| 260 | 3 |
_aPorto Alegre, RS (Brasil): _c1979. |
|
| 500 | _aAnais da 9. Reuniao da Cultura do Arroz Irrigado Porto Alegre, RS (Brasil): 1979. p. 82-83 (BR7907108-AM)F25 | ||
| 650 | _aARROZ | ||
| 650 | _aNITROGENIO | ||
| 650 | _aMOLIBDENIO | ||
| 650 | _aADUBACAO | ||
| 650 | _aFERTILIZANTE | ||
| 650 | _aARROZ IRRIGADO | ||
| 650 | _aRIO GRANDE DO SUL | ||
| 773 | 0 |
_tAnais da 9. Reuniao da Cultura do Arroz Irrigado _wF25 BR7907108 _gPorto Alegre, RS (Brasil), 1979. p. 82-83 |
|
| 909 |
_a202404 _bLucia _c55 _dLucia Elande |
||
| 942 |
_cAM _2AGRIS |
||
| 999 |
_c311497 _d311497 |
||